000 00421pab a2200157 454500
008 180718b2000 xxu||||| |||| 00| 0 eng d
100 _aShephered, Andrew
245 _aGovernance, good government and poverty reduction
260 _c2000
300 _ap.269-84
362 _aJun
650 _aPoverty
650 _aPublic administration
773 _aInternational Review of Administrative Sciences
909 _a45812
999 _c45812
_d45812